000 00387nam a22001577a 4500
005 20230823095053.0
008 230823b ||||| |||| 00| 0 eng d
040 _cAL
041 _aeng
082 _223
_a620.02
_bANAC
100 _aAnand and others
_9130524
245 _aCareers Guide IIT
650 _aElectronics
_9130525
700 _aANAND and others
_9130526
942 _2ddc
_cBK
999 _c228439
_d228439